Statistiques concernant My Hero Academia - Les Élèves de la Seconde A de Yuei

Cliquez ici pour prendre le quiz!

Statistiques générales

  • Ce quiz a été pris 117 fois
  • Le résultat moyen est 14 sur 20

Statistiques - réponses

AlterÉlève% Correct
One For AllIzuku Midoriya
86%
ExplosionKatsuki Bakugo
84%
AcideMina Ashido
83%
Feu et GlaceShoto Todoroki
83%
ÉléctricitéDenki Kaminari
81%
GrenouilleTsuyu Asui
81%
Gravité ZéroOchaco Uraraka
75%
DurcissementEijiro Kirishima
73%
NombrilaserYuga Aoyama
73%
Earphone JackKyoka Jiro
69%
EngineTenya Iida
67%
DarkshadowFumikage Tokoyami
66%
CréationMomo Yaoyorozu
66%
Ruban AdhésifHanta Sero
64%
Boing BoingMinoru Mineta
64%
InvisibilitéToru Hagakure
61%
Sugar DopeRikido Sato
55%
Bras CloneursMezo Shoji
53%
La Voix Du VivantKoji Koda
52%
TailMashirao Ojiro
41%

Distribution des résultats

Percentile par nombre de réponses

% des personnes avec chaque résultat

Votre développement - résultats

Vous n’avez pas pris ce quiz